| 000 | 01288pam a2200277 a 4500 | ||
|---|---|---|---|
| 999 |
_c331924 _d331924 |
||
| 001 | 2925638 | ||
| 003 | NUST | ||
| 005 | 20180117105335.0 | ||
| 008 | 890725s1989 miua b 101 0 eng | ||
| 010 | _a 89012897 | ||
| 020 | _a087371184X | ||
| 040 |
_aDLC _cDLC _dDLC |
||
| 050 | 0 | 0 |
_aTD756.5 _b.C66 1989 |
| 082 | 0 | 0 |
_a628.35 HAM _220 |
| 245 | 0 | 0 |
_aConstructed wetlands for wastewater treatment : _bmunicipal, industrial, and agricultural / _c[Edited by] Donald A. Hammer. |
| 260 |
_aChelsea, Mich. : _bLewis Publishers, _cc1989. |
||
| 300 |
_axxii, 831 p. : _bill. ; _c25 cm. |
||
| 500 | _a"Proceedings from the First International Conference on Constructed Wetlands for Wastewater Treatment held in Chattanooga, Tennessee on June 13-17, 1988"--Pref. | ||
| 501 | _aH.B | ||
| 504 | _aIncludes bibliographical references. | ||
| 650 | 0 |
_aConstructed wetlands _xCongresses. _95858 |
|
| 650 | 0 |
_aSewage _xPurification _xBiological treatment. _92606 |
|
| 700 | 1 |
_aHammer, Donald A. _95859 |
|
| 711 | 2 |
_aInternational Conference on Constructed Wetlands for Wastewater Treatment _n(1st : _d1988 : _cChattanooga, Tenn.) _95860 |
|
| 856 | 4 | 2 |
_3Publisher description _uhttp://www.loc.gov/catdir/enhancements/fy0744/89012897-d.html |
| 906 |
_a7 _bcbc _corignew _d1 _eocip _f19 _gy-gencatlg |
||
| 942 |
_2ddc _cBK _kIESE |
||